| 000 | 00627cam a22002291 4500 | ||
|---|---|---|---|
| 001 | sa 65005855 | ||
| 003 | DLC | ||
| 005 | 20260227112139.0 | ||
| 008 | 891026s1964 ii b 000 0 hino | ||
| 010 | _asa 65005855 | ||
| 035 | _a(OCoLC)20554412 | ||
| 040 |
_aDLC _cWaU _dDLC |
||
| 042 | _apremarc | ||
| 050 | 0 | 0 |
_aPK2095.T8 _bR339 |
| 100 | 1 |
_aŚarmā, Jagadīśa, _d1935- |
|
| 245 | 1 | 0 | _aRāmacaritamānasa kā manovaijñānika adhyayana. |
| 260 | _c[1964] | ||
| 300 |
_a14, 218 p. _c23 cm. |
||
| 500 | _aIn Hindi. | ||
| 504 | _aBibliography: p. [217]-218. | ||
| 600 | 0 | 0 |
_aTulasīdāsa, _d1532-1623. _tRāmacaritamānasa. |
| 999 |
_c64417 _d64417 |
||